书目信息 |
| 书名: | Mainline | |
| 作者: | L. G. Alexander. | |
| 分册号: | ||
| 分册名: | 出版地: | London : |
|
| 出版社: | Longman | |
| 出版时间: | c1973. | |
| 页数: | 131 p. ; | |
| 开本: | 26cm. | |
| 丛书名: | ||
| 中图分类号: | ||
| 科图分类号: | ||
| 其他分类号: | H31 | |
| 主题词: | ||
| 电子资源: | ||
| 000 | 00571nam 22001937a 4500 | |
| 001 | E0753456750 | |
| 005 | 20070728102700.82 | |
| 008 | 030411s1973 enka b 000 0 eng d | |
| 020 | @a0-582-51946-2 :@cCNY1.00. | |
| 020 | @a0582519462. | |
| 040 | @aNUL@cNUL | |
| 090 | @aJ688.4/W119.3.2 | |
| 090 | @aH31 | |
| 099 | @dH31@ex111:2(1) | |
| 100 | 1 | @aAlexander, L. G. |
| 245 | 10 | @aMainline :@bprogress A: students' book / @cL. G. Alexander. |
| 260 | @aLondon :@bLongman,@cc1973. | |
| 300 | @a131 p. ;@c26cm. | |
| 650 | 0 | @aEnglish language@xTextbooks for foreign speakers |
| Mainline : : progress A: students' book / / L. G. Alexander.-London : : Longman, , c1973. |
| 131 p. ; ; 26cm. |
| ISBN 0-582-51946-2 :CNY1.00. |
| ● |
| 相关链接 |
|
|
|
|
正题名:Mainline
索取号:H31/x111:2(1)
 
预约/预借
| 序号 | 登录号 | 条形码 | 馆藏地/架位号 | 状态 | 备注 |
| 1 | 0014419 | 300144190 | 密集书库/ [索取号:H31/x111:2(1)] | 在馆 | |
| 2 | 0014441 | 300144412 | 密集书库/ [索取号:H31/x111:2(1)] | 在馆 | |
| 3 | 124921 | 202133066 | 第四借阅区/ [索取号:H31/x111:2(1)] | 在馆 | |
| 4 | 53284 | 300135627 | 密集书库/ [索取号:H31/x111:2(1)] | 在馆 | |
| 5 | 79306 | 001159132 | 第四借阅区/ [索取号:H31/x111:2(1)] | 在馆 | |
| 6 | 79310 | 001159141 | 第四借阅区/ [索取号:H31/x111:2(1)] | 在馆 | |
| 7 | 79318 | 001159178 | 第四借阅区/ [索取号:H31/x111:2(1)] | 在馆 | |
| 8 | 79319 | 001159169 | 第四借阅区/ [索取号:H31/x111:2(1)] | 在馆 | |
| 9 | 79320 | 001159187 | 第四借阅区/ [索取号:H31/x111:2(1)] | 在馆 | |
| 10 | 79322 | 001159150 | 第四借阅区/ [索取号:H31/x111:2(1)] | 在馆 |